LEADER 00780nam a2200193 4500 001 000000354475 003 CaOOAMICUS 005 20230627111539.0 008 230627s1964 it 000 u lat r 040 $aSeMil$bita 245 00$a1: Index titulorum. 264 1$aMediolani :$bGiuffrè,$c1964. 300 $aIX, 358 p. ;$c25 cm 773 0 $tIndices Corporis Iuris Civilis iuxta vetustiores editiones cum criticis collatas.$dMediolani : Giuffrè, 1964-1970.$kIus romanum Medii Aevi. Subsidia$g1$w()354474 850 $aSeMil 852 $aSeMil$W1$xVenegono$y1$m3L V 306$j241752$B245728$CSeMilBibl$Z2$F245728 $81 996 $6245$a1: Index titulorum$9(OLS)http://semarc/title/444616 996 $6264$aMediolani :$bGiuffrè$9(OLS)http://semarc/publisher/61102 LEADER 00607nam a2200193 i 4500 001 000000073284 003 CaOOAMICUS 005 20120720000000.0 008 120720s1898 it u000 u ita u 013 $a44456 040 $aSeMil$bita 100 1 $aArdigò, Roberto.$0(OLS)http://semarc/name/548 245 10$aVol. 2. 250 $a5. ed. 300 $a484 p. 773 0 $tOpere filosofiche di Roberto Ardigò.$dPadova : A. Draghi, 1897$g2$w()694 850 $aSeMil 852 $aSeMil$W1$xVenegono$y1$m2Q V 13 FA$j39436$B39436$CSeMilBibl$Z2$F39440 $8I 996 $6245$aVol. 2$9(OLS)http://semarc/title/13458